Felsefe ve diyalektik (Record no. 1594)

MARC details
000 -BAŞLIK
Sabit Uzunlukta Kontrol Alanı 00745na a2200277 4500
001 - KONTROL NUMARASI
Denetim Alanı 12608
003 - KONTROL NUMARASI IDENTIFIER
Denetim Alanı MIRAKIL
005 - SON İŞLEM TARİHİ VE ZAMANI
Denetim Alanı 20181213154828.0
008 - SABİT-BOY VERİ ELEMANLARI - GENEL BİLGİLER
Sabit Uzunlukta Kontrol Alanı 160825b tu 000 0
020 ## - ULUSLARARASI STANDART KİTAP NUMARASI
Uluslararası Standart Kitap Numarası 975711510
035 ## - SİSTEM KONTROL NUMARASI
Sistem Kontrol Numarası 12608
040 ## - KATALOGLAMA KAYNAK
Orijinal Kataloglama Ajansı Milas
Kataloglama Dili tur
Metne Dönüştürmek Ajansı TR-AnCHP
082 ## - DEWEY ONLU SINIFLANDIRMA NUMARASI
Sınıflandırma Numarası 121
Ürün Numarası Y35f 1996
090 ## - SINIFLAMA NUMARASI
Sınıflama Numarası 121 Y35f 1996
100 ## - ANA GİRİŞ - KİŞİSEL İSİM
Kişisel Ad Yenişehirlioğlu, Şahin
245 ## - BAŞLIK TABLOSU
Başlık Felsefe ve diyalektik
Başlığın Kalan bilgi kuramı
Sorumluluk Tablosu, Vb Şahin Yenişehirlioğlu.
246 ## - UNVAN FORM VARYING
Başlık Doğru / Kısa Başlığı Bilgi kuramı
260 ## - YAYIN, DAĞITIM, VB
Yayın, Dağıtım, Vb Yeri Ankara
Yayıncı, Dağıtıcı, Vs Adı Ümit Yayıncılık
Yayın, Dağıtım, Vb Tarihi 1996
300 ## - FİZİKSEL TANIM
Kapsam 404 s.
Boyutlar 24 sm.
504 ## - KAYNAKÇA VB NOT
Kaynakça Vb Notu Kaynakça ve dizin var.
650 ## - KONU KATMA GİRİŞ - TOPİKAL DÖNEM
Topikal Süreli Veya Coğrafi Ad Giriş Elemanı Diyalektik materyalizm
650 ## - KONU KATMA GİRİŞ - TOPİKAL DÖNEM
Topikal Süreli Veya Coğrafi Ad Giriş Elemanı Felsefe
Genel Alt Bölümü Tarih
650 ## - KONU KATMA GİRİŞ - TOPİKAL DÖNEM
Topikal Süreli Veya Coğrafi Ad Giriş Elemanı Bilgi kuramı
650 ## - KONU KATMA GİRİŞ - TOPİKAL DÖNEM
Topikal Süreli Veya Coğrafi Ad Giriş Elemanı Diyalektik
942 ## - EKLENDİ GİRİŞ ELEMANLARI (KOHA)
Sınıflandırma Veya Raf Düzeni Kaynak Dewey Decimal Classification
Koha Öğesi Türü Books
999 ## - SİSTEM KONTROL NUMARALARI (KOHA)
Koha Biblionumber 1594
Koha Biblioitemnumber 1594
Holdings
Kalıcı Konum Mevcut Konum Edinme Tarihi Edinim Kaynak Toplam Check-Out'Lar Tam Çağrı Numarası Barkod Tarih Son Görülme İtibaren Geçerli Fiyatlar Koha Öğesi Türü
CHP Kütüphanesi CHP Kütüphanesi 07/28/2016 Bağış   121 Y35f 1996 000167 07/28/2016 07/28/2016 Books